Vybrané problémy rozvoja cestovného ruchu pri podpore rozvoja regiónu

Gespeichert in:
Bibliographische Detailangaben
1. Verfasser: Mišúnová, Ema
Format: Buchkapitel
Sprache:Slowakisch
Tags: Tag hinzufügen
Keine Tags, Fügen Sie das erste Tag hinzu!

MARC

LEADER 00000naa$a2200000$$$4500
001 0128124
005 20240502072449.1
041 0 |a slo 
044 |a SK 
245 1 0 |a Vybrané problémy rozvoja cestovného ruchu pri podpore rozvoja regiónu  |c Ema Mišúnová 
100 1 |a Mišúnová, Ema